Online katalóg knižníc regiónu Turca

Zdravé telo (Record no. 20166)

MARC details
000 -LEADER
fixed length control field 02015cam a2200553 a 4500
001 - CONTROL NUMBER
control field 20166
003 - CONTROL NUMBER IDENTIFIER
control field VRT
005 - DATE AND TIME OF LATEST TRANSACTION
control field 20260117150204.0
008 - FIXED-LENGTH DATA ELEMENTS--GENERAL INFORMATION
fixed length control field 240318s2016 ao g f 001 0dslo
015 ## - NATIONAL BIBLIOGRAPHY NUMBER
National bibliography number SNBA2017/02
020 ## - INTERNATIONAL STANDARD BOOK NUMBER
International Standard Book Number 9788080711870
Qualifying information (viazané)
035 ## - SYSTEM CONTROL NUMBER
System control number urn:nbn:sk:snk-am00dzfi
035 ## - SYSTEM CONTROL NUMBER
System control number urn:nbn:sk:snk-am3i9rh
035 ## - SYSTEM CONTROL NUMBER
System control number 7F9F6CEE-EBED-4D62-9500-1108DC014189
039 #9 - LEVEL OF BIBLIOGRAPHIC CONTROL AND CODING DETAIL [OBSOLETE]
Level of rules in bibliographic description 202403182227
Level of effort used to assign nonsubject heading access points VLOAD
Level of effort used to assign subject headings 202005070747
Level of effort used to assign classification VLOAD
Level of effort used to assign subject headings 201705111018
Level of effort used to assign classification msavuk02
Level of effort used to assign subject headings 201702171024
Level of effort used to assign classification msnk123
040 ## - CATALOGING SOURCE
Original cataloging agency SPK
Language of cataloging slo
Transcribing agency SPK
Modifying agency SNK
Description conventions AACR2
041 1# - LANGUAGE CODE
Language code of text/sound track or separate title slo
Language code of original eng
044 ## - COUNTRY OF PUBLISHING/PRODUCING ENTITY CODE
MARC country code xo
ISO country code SK
072 #7 - SUBJECT CATEGORY CODE
Subject category code 611
Subject category code subdivision Anatómia človeka a porovnávacia anatómia
Source konspekt
072 #7 - SUBJECT CATEGORY CODE
Subject category code 613
Subject category code subdivision Hygiena. Ľudské zdravie
Source konspekt
080 ## - UNIVERSAL DECIMAL CLASSIFICATION NUMBER
Universal Decimal Classification number 611/612
Edition identifier 2011
080 ## - UNIVERSAL DECIMAL CLASSIFICATION NUMBER
Universal Decimal Classification number 613
Edition identifier 2011
080 ## - UNIVERSAL DECIMAL CLASSIFICATION NUMBER
Universal Decimal Classification number (035)
Edition identifier 2011
100 1# - MAIN ENTRY--PERSONAL NAME
Personal name Pamplona-Roger, George D.
Relationship aut
240 10 - UNIFORM TITLE
Uniform title Healthy Body
Language of a work Slovensky
245 10 - TITLE STATEMENT
Title Zdravé telo
Remainder of title praktická príručka starostlivosti o ľudské telo
Statement of responsibility, etc. George D. Pamplona-Roger ; [preklad z angličtiny Dominika Matisová]
250 ## - EDITION STATEMENT
Edition statement 1. vyd.
260 ## - PUBLICATION, DISTRIBUTION, ETC.
Place of publication, distribution, etc. Vrútky
Name of publisher, distributor, etc. Advent-Orion
Date of publication, distribution, etc. 2016
300 ## - PHYSICAL DESCRIPTION
Extent 335 s.
Other physical details ilustr.
Dimensions 29 cm
490 1# - SERIES STATEMENT
Series statement Život a zdravie
500 ## - GENERAL NOTE
General note Publikácia obsahuje biografické údaje o autorovi
504 ## - BIBLIOGRAPHY, ETC. NOTE
Bibliography, etc. note Reg.: s. 332-335
650 07 - SUBJECT ADDED ENTRY--TOPICAL TERM
Topical term or geographic name entry element ľudské telo
Source of heading or term SNKPH
650 07 - SUBJECT ADDED ENTRY--TOPICAL TERM
Topical term or geographic name entry element starostlivosť o zdravie
Source of heading or term SNKPH
650 07 - SUBJECT ADDED ENTRY--TOPICAL TERM
Topical term or geographic name entry element Human body
Source of heading or term SNKPHeng
650 07 - SUBJECT ADDED ENTRY--TOPICAL TERM
Topical term or geographic name entry element Health care
Source of heading or term SNKPHeng
655 #7 - INDEX TERM--GENRE/FORM
Genre/form data or focus term príručky
Source of term SNKPH
655 #7 - INDEX TERM--GENRE/FORM
Genre/form data or focus term Handbooks, manuals, etc.
Source of term SNKPHeng
700 1# - ADDED ENTRY--PERSONAL NAME
Personal name Matisová, Dominika
Relationship trl
830 ## - SERIES ADDED ENTRY--UNIFORM TITLE
Uniform title Život a zdravie
910 ## - USER-OPTION DATA (OCLC)
User-option data savuk
942 ## - ADDED ENTRY ELEMENTS (KOHA)
Source of classification or shelving scheme Dewey Decimal Classification
Koha item type Odborná literatúra pre dospelých
Suppress in OPAC No
949 ## - LOCAL PROCESSING INFORMATION (OCLC)
6 2889324619
a savukPV 23821
b savuk2017/1462
949 ## - LOCAL PROCESSING INFORMATION (OCLC)
6 270001000533755
a svkbbC 61804
b svkbbm 766085
949 ## - LOCAL PROCESSING INFORMATION (OCLC)
6 17A1251262
a snkSB 91164
b snk2017/2163
o 210/17
s 6100:20170220
949 ## - LOCAL PROCESSING INFORMATION (OCLC)
6 17A1255396
a snkSB 91164 D1
b snk2017/8156
o 210/17
949 ## - LOCAL PROCESSING INFORMATION (OCLC)
6 273K0626622
a svkpoC 58777
b svkpo623953
Holdings
Stav vyradenia Strata Poškodenie Spôsob nadobudnutia Domovská knižnica Aktuálna knižnica Dátum nadobudnutia Total checkouts Čiarový kód exemplára Date last seen Typ exemplára
      Dar Obecná knižnica Horná Štubňa Obecná knižnica Horná Štubňa 17.01.2026   9788080711870 17.01.2026 Odborná literatúra pre dospelých
Projekt je podporený Slovenskou asociáciou knižníc
Prevádzkuje Turčianska knižnica Martin 2026